Central Library OPAC University of Rajshahi

Herman Melville, cycle and epicycle / (Record no. 24548)

MARC details
000 -LEADER
fixed length control field 00872cam a22002531 4500
001 - CONTROL NUMBER
control field 24548
003 - CONTROL NUMBER IDENTIFIER
rucl marc code BD-RjUL
005 - DATE AND TIME OF LATEST TRANSACTION
control field 20211209001051.0
008 - FIXED-LENGTH DATA ELEMENTS--GENERAL INFORMATION
fixed length control field 140313s1953 mauac 000 0 eng
035 ## - SYSTEM CONTROL NUMBER
System control number (BD-RjUL)24615
System control number (BD-RjUL)24615
040 ## - CATALOGING SOURCE
Original cataloging agency DLC
Transcribing agency ODaWU
Modifying agency OCoLC
-- OKentU
-- BD-RjUL
-- BD-RjUL
Language of cataloging eng
041 ## - LANGUAGE CODE
Language code of text/sound track or separate title eng
082 ## - DEWEY DECIMAL CLASSIFICATION NUMBER
Classification number 928.1
Author mark and year MEH 1953
100 1# - MAIN ENTRY--PERSONAL NAME
Personal name Metcalf, Eleanor Melville,
Dates associated with a name 1882-1964,
9 (RLIN) 75547
245 10 - TITLE STATEMENT
Title Herman Melville, cycle and epicycle /
Statement of responsibility, etc. Eleanor Melville Metcalf.
260 ## - PUBLICATION, DISTRIBUTION, ETC. (IMPRINT)
Place of publication, distribution, etc. Cambridge :
Name of publisher, distributor, etc. Harvard University Press ;
Date of publication, distribution, etc. 1953.
300 ## - PHYSICAL DESCRIPTION
Pagination xvii, 311 p. :
Illustrations illus., ports. ;
Size 24 cm.
500 ## - GENERAL NOTE
General note "Letters by, to, and about Melville ... with ... commentary by Melville's granddaughter."--Dust jacket.
600 10 - SUBJECT ADDED ENTRY--PERSONAL NAME
Personal name Melville, Herman,
Dates associated with a name 1819-1891.
942 ## - ADDED ENTRY ELEMENTS (KOHA)
Source of classification or shelving scheme Dewey Decimal Classification
Koha item type Books
Holdings
Lost status Source of classification or shelving scheme Damaged status Not for loan Collection code Permanent Location Current Location Shelving location Date acquired Source of acquisition Total Checkouts Full call number Date last seen Copy number Koha item type
  Dewey Decimal Classification   Added to bundle Non-fiction Central Library, University of Rajshahi Central Library, University of Rajshahi Reading Room 22/02/1958 U.S.I.S. Dacca   928.1 MEH 1953 13/03/2014 C-1 Books